00340 2200145 4500001002100000005001500021035002000036245004400056100001800100300001100118260003100129082000800160084001400168990001200182INLIS00000000000230320250528084619 a0010-05250005951 a90 Menit Bersama Plato /cPaul Stratern0 aPaul Stratern a57 hlm aJakarta :bErlangga,c2001 a100 a100 PAU s a0713089